000 00541nam a2200193Ia 4500
999 _c21118
_d21118
003 OSt
005 20200701105652.0
008 190216s9999||||xx |||||||||||||| ||und||
020 _a9788177291810
040 _coclc
082 _a909
_bARO/F
100 _aArora, Prem
_93381
245 0 _aForeign Policies Of The Major Powers /
_cPrem Arora
250 _a1st Ed.
260 _bCosmos Bookhive Publishers,
_aNew Delhi:
_c2001.
300 _a333p
650 _aHistory
942 _cBK
_2ddc
_h909
_iARO/F
_k909
_mARO/F